Najtrudniejszy quiz na JetPunku - Statystyki

Ogólne statystyki
  • Ten quiz został rozwiązany 1 831 razy
    1 827 od ostatniego zresetowania
  • Średni wynik to 5 z 20
Statystyki odpowiedzi
Zagadnienie Odpowiedź % Poprawnych
"JetPunk" zaczyna się na literę E) J
85%
Odpowiedzią na pytanie 16 jest A) D
31%
Odpowiedzią na pytanie 10 jest D) A
27%
Odpowiedź na to pytanie jest takie samo jak na pytanie E) 5
27%
Odpowiedzią na pytanie 17 jest D) żadne z powyższych
26%
Liczba pytań, na które odpowiedzią jest A wynosi B) 5
24%
Jedyne dwa sąsiadujące ze sobą pytania z identycznymi odpowiedziami to pytania A) 6 oraz 7
22%
Liczba pytań, na które odpowiedzią jest spółgłoska jest liczbą A) parzystą
21%
Odpowiedzią na pytanie 12 jest A) A
20%
Pierwsze pytanie, którego odpowiedzią jest B, to pytanie D) 4
20%
Liczba pytań, na które odpowiedzią są samogłoski wynosi E) 8
20%
Liczba pytań, na które odpowiedzią jest E wynosi D) 3
19%
Odpowiedzią na pytanie 6 jest B) D
18%
Liczba pytań poprzedzających to pytanie z odpowiedzią B wynosi B) 1
17%
Liczba pytań, na które odpowiedzią jest D wynosi B) 7
17%
Kolejne pytanie, na które odpowiedź będzie taka sama jak na to jest D) 13
17%
Jedyne nieparzyste pytanie, na które odpowiedź to A to D) 15
17%
O ile liter w kolejności alfabetycznej należy się przesunąć, aby otrzymać odpowiedź na następne pytanie? D) o 1 literę
16%
Liczba pytań z odpowiedzią A równa się liczbie pytań z odpowiedzią A) B
15%
Odpowiedzią na te pytanie jest B) B
15%
Nie znaleziono quizów pasujących do podanych kryteriów
Rozkład punktacji
Procent ludzi z każdym wynikiem
Percentyl według liczby udzielonych odpowiedzi
Twoja historia wyników
Nie rozwiązałeś tego quizu od ostatniego zresetowania